Normal view
MARC view
- Bell, David A
Entry Personal Name
001 - CONTROL NUMBER
- control field: 86855
003 - CONTROL NUMBER IDENTIFIER
- control field: NUST
005 - DATE AND TIME OF LATEST TRANSACTION
- control field: 20211221111725.0
008 - FIXED-LENGTH DATA ELEMENTS
- fixed length control field: 211221|| aca||aabn | a|a d
040 ## - CATALOGING SOURCE
- Original cataloging agency: NUST
- Transcribing agency: NUST
100 ## - HEADING--PERSONAL NAME
- Personal name: Bell, David A
670 ## - SOURCE DATA FOUND
- Source citation: Work cat.: (NUST)32789: Bell, David A., Electronic Instrumentation and Measurements /, 2010.
